| 000 | 00399nam a22001457a 4500 | ||
|---|---|---|---|
| 020 | _a818975761X | ||
| 082 | _a621.381 GUP | ||
| 100 | _aGupta, J.B. | ||
| 245 | _aFundamentals of analog electronics | ||
| 260 |
_aNew Delhi, India _bS.K. Kataria & Sons. _c2012 |
||
| 300 |
_av, 456 p. _bill. ; |
||
| 500 | _aIncludes index. | ||
| 650 | _a1.Analog electronic systems. 2.Signal processing. | ||
| 942 | _cBK | ||
| 999 |
_c12619 _d12619 |
||